| 000 | 00546nam a2200169Ia 4500 | ||
|---|---|---|---|
| 008 | 110201s9999 xx 000 0 und d | ||
| 082 |
_bB2101 _aKS 321 |
||
| 100 | _aअत्रे प्रभाकर | ||
| 245 | _aकाश्मिरी शाल | ||
| 260 | _bपराग प्रकाशन | ||
| 365 | _b15 | ||
| 600 | _aअत्रे प्रभाकर | ||
| 630 | _aकाश्मिरी शाल | ||
| 700 | _aअत्रे प्रभाकर | ||
| 730 | _aकाश्मिरी शाल | ||
| 942 | _cBOOK | ||
| 999 |
_c829200 _d829197 |
||